LEADER 00671oam 2200205z- 450 001 9910482883803321 035 $a(OCoLC)1046985566 035 $a(CKB)4540000000000135 035 $a(EXLCZ)994540000000000135 100 $a20210525c2017uuuu -u- - 101 0 $aeng 200 10$aAdvanced Real Analysis : Digital Second Edition, Corrected Version 210 $cCornell University Library$aEast Setauket, New York 311 $a1-4297-9991-9 517 $aAdvanced Real Analysis 701 $aKnapp$b Anthony W$050893 906 $aBOOK 912 $a9910482883803321 996 $aAdvanced Real Analysis : Digital Second Edition, Corrected Version$92223940 997 $aUNINA